Transformácia podnikových procesov do aplikačných procesov diplomová práca

Guardado en:
Detalles Bibliográficos
Autor principal: Križan, Ondrej
Autor Corporativo: Fakulta hospodárskej informatiky EU. Katedra aplikovanej informatiky
Otros Autores: Mišút, Martin, 1962-
Formato: Libro
Lenguaje:eslovaco
Publicado: Bratislava 2025
Etiquetas: Agregar Etiqueta
Sin Etiquetas, Sea el primero en etiquetar este registro!

MARC

LEADER 00000nbm a2200000 4500
001 0310607
005 20251121124734.7
041 0 |a slo 
044 |a SK 
245 1 0 |a Transformácia podnikových procesov do aplikačných procesov  |b diplomová práca  |c Ondrej Križan ; školiteľ: Martin Mišút 
264 1 |a Bratislava  |c 2025 
300 |a 85 s. 
100 1 |a Križan, Ondrej 
700 1 |a Mišút, Martin, 1962- 
710 2 |a Fakulta hospodárskej informatiky EU. Katedra aplikovanej informatiky